00402 a2200097 4500001001000000005001700010008004100027245014200068100001800210773007600228ART_6347420260410161612.0260409a 10aMedición posterior de las activos biológicos en la RT 54, "Normas contables profesionales: Norma unificada argentina de contabilidad"1 aSuardi, Diana0 tProfesional & Empresariag- Año XXVI, Nº 305 (sep./oct. 2025)wREV70